Statistics for Mazurek Dąbrowskiego - teksty

Click here to take the quiz!

General Stats

  • This quiz has been taken 4,841 times
  • The average score is 61 of 71

Answer Stats

Teksty % Correct
Z
99%
z
99%
w
99%
Po
99%
Marsz,
98%
marsz,
98%
Dąbrowski,
97%
ziemi
97%
do
97%
do
97%
do
97%
włoskiej
97%
Polski.
97%
nam
96%
Za
96%
nam
96%
się
94%
nie
94%
się
94%
Jeszcze
93%
zginęła,
93%
Polska
93%
twoim
93%
my
93%
żyjemy.
93%
Jak
92%
Co
92%
narodem.
92%
Jak
92%
przewodem
92%
obca
91%
Szablą
90%
wzięła,
90%
przemoc
90%
odbierzemy.
90%
Kiedy
87%
Bonaparte,
86%
Złączym
85%
mamy.
84%
zwyciężać
84%
Wisłę,
84%
Poznania
84%
Wartę,
84%
Dał
83%
przykład
83%
przejdziem
82%
Polakami.
82%
Przejdziem
82%
zaborze,
81%
Będziem
81%
Basi
77%
Czarniecki
77%
morze.
77%
ojczyzny
76%
ratowania
76%
swej
76%
Dla
75%
Mówi
75%
ojciec
75%
przez
75%
nasi
74%
szwedzkim
74%
tarabany.
74%
Biją
74%
zapłakany –
73%
jeno,
72%
Słuchaj
71%
pono
70%
Już
68%
tam
67%
Wrócim
53%

Score Distribution

Percentile by Number Answered

Percent of People with Each Score

Your Score History

You have not taken this quiz